Top 50 Wrestlers In WWE - Statistics

General Stats
  • This quiz has been taken 57 times
  • The average score is 23 of 50
Answer Stats
Hint Answer % Correct
1 John Cena
87%
3 Roman Reigns
85%
13 Seth Rollins
79%
6 Cody Rhodes
77%
5 Randy Orton
74%
2 CM Punk
69%
20 Rey Mysterio
69%
22 Jey Uso
67%
36 Dominik Mysterio
64%
16 Drew McIntyre
64%
45 Jimmy Uso
64%
18 Sami Zayn
64%
7 Kevin Owens
59%
23 Damian Priest
56%
8 Finn Balor
56%
10 Kofi Kingston
56%
11 AJ Styles
54%
4 Gunther
54%
14 Logan Paul
54%
28 Solo Sikoa
54%
29 Sheamus
51%
31 Jacob Fatu
49%
15 Bron Breakker
46%
9 LA Knight
46%
12 Penta
46%
32 Xavier Woods
46%
48 Austin Theory
44%
44 The Miz
44%
38 Chad Gable
41%
35 R-Truth
41%
50 Bronson Reed
38%
26 Carmelo Hayes
38%
30 Carlito
33%
41 Dragon Lee
33%
37 Ivar
33%
21 Johnny Gargano
33%
39 Otis
33%
46 Andrade
31%
25 Braun Strowman
31%
40 Erik
28%
19 Montez Ford
28%
43 Trick Williams
28%
34 Oba Femi
26%
33 Angelo Dawkins
21%
27 Tomasa Ciampa
21%
24 Wes Lee
21%
49 Karrion Kross
15%
47 Omos
15%
17 Shawn Spears
8%
42 Shinsuke Nakumora
3%
No matching quizzes found
Score Distribution
Percent of People with Each Score
Percentile by Number Answered
Your Score History
You have not taken this quiz